000 00360pab a2200145 454500
008 180718b1985 xxu||||| |||| 00| 0 eng d
100 _aGuhan, S.
245 _aThe Union budget for 1985 - 86
260 _c1985
300 _a309-28
362 _aMay - June
650 _aBudget - India
773 _aMadras Development Seminar Series Bulletin
909 _a4764
999 _c4764
_d4764